|
|
|
|
| LEADER |
00000nam0a2200000 4500 |
| 001 |
360827 |
| 005 |
20231102011327.0 |
| 035 |
|
|
|a (RuTPU)RU\TPU\retro\18153
|
| 090 |
|
|
|a 360827
|
| 100 |
|
|
|a 20210514d1980 km y0rusy50 ca
|
| 101 |
0 |
|
|a rus
|
| 102 |
|
|
|a RU
|
| 105 |
|
|
|a a z 001zy
|
| 200 |
1 |
|
|a Механика движения жидкостей в трубах
|f Б. В. Пустовойт
|
| 205 |
|
|
|a 2-е изд., перераб. и доп.
|
| 210 |
|
|
|a Ленинград
|c Недра
|d 1980
|
| 215 |
|
|
|a 160 с.
|c ил.
|
| 320 |
|
|
|a Библиогр.: с. 155-157
|
| 606 |
1 |
|
|a Жидкости
|x Движение по трубам
|2 stltpush
|3 (RuTPU)RU\TPU\subj\10882
|9 37891
|
| 610 |
1 |
|
|a механика
|
| 610 |
1 |
|
|a ламинарное движение
|
| 610 |
1 |
|
|a переходное движение
|
| 610 |
1 |
|
|a турбулентное движение
|
| 610 |
1 |
|
|a гидравлическое трение
|
| 610 |
1 |
|
|a расчеты
|
| 610 |
1 |
|
|a платоновы тела
|
| 610 |
1 |
|
|a электропроводящие жидкости
|
| 675 |
|
|
|a 532.542
|v 4
|
| 700 |
|
1 |
|a Пустовойт
|b Б. В.
|g Борис Васильевич
|
| 801 |
|
1 |
|a RU
|b 63413507
|c 20210514
|
| 942 |
|
|
|c BK
|